<?xml version="1.0" encoding="UTF-8"?><marc:collection xmlns:marc="http://www.loc.gov/MARC21/slim">
  <marc:record>
    <marc:leader>00000nam##2200000za#4500</marc:leader>
    <marc:controlfield tag="001">9.640064</marc:controlfield>
    <marc:controlfield tag="003">CaOODSP</marc:controlfield>
    <marc:controlfield tag="005">20210624222505</marc:controlfield>
    <marc:controlfield tag="007">cr |||||||||||</marc:controlfield>
    <marc:controlfield tag="008">150407|1995||||xxc|||||o    f|0| 0 fre|d</marc:controlfield>
    <marc:datafield tag="040" ind1=" " ind2=" ">
      <marc:subfield code="a">CaOODSP</marc:subfield>
      <marc:subfield code="b">fre</marc:subfield>
    </marc:datafield>
    <marc:datafield tag="043" ind1=" " ind2=" ">
      <marc:subfield code="a">n-cn---</marc:subfield>
    </marc:datafield>
    <marc:datafield tag="086" ind1="1" ind2=" ">
      <marc:subfield code="a">SN3-311/1996F-PDF</marc:subfield>
    </marc:datafield>
    <marc:datafield tag="110" ind1="1" ind2=" ">
      <marc:subfield code="a">Canada.</marc:subfield>
      <marc:subfield code="b">Bibliothèque nationale du Canada.</marc:subfield>
    </marc:datafield>
    <marc:datafield tag="245" ind1="1" ind2="0">
      <marc:subfield code="a">Ouvrages de référence en généalogie canadienne / </marc:subfield>
      <marc:subfield code="h">[ressource électronique]</marc:subfield>
      <marc:subfield code="c">compilé par Mary Bond, Division des services de référence et d'information. </marc:subfield>
    </marc:datafield>
    <marc:datafield tag="260" ind1=" " ind2=" ">
      <marc:subfield code="a">Ottawa - Ontario : </marc:subfield>
      <marc:subfield code="b">Bibliothèque nationale du Canada </marc:subfield>
      <marc:subfield code="c">Décembre 1995.</marc:subfield>
    </marc:datafield>
    <marc:datafield tag="300" ind1=" " ind2=" ">
      <marc:subfield code="a">111p.</marc:subfield>
      <marc:subfield code="b">index</marc:subfield>
    </marc:datafield>
    <marc:datafield tag="500" ind1=" " ind2=" ">
      <marc:subfield code="a">Sommaire: Atlas historique.--Bibliographies et catalogues.--Dictionnaires.--Guides.--Index.--Noms de famille.--Registres.--Répertoires.--Alberta.--Colombie-Britannique.--Île-du -Prince-Édouard.--Manitoba.--Nouveau-Brunswick.--Nouvel le-Écosse.--Ontario.--Québec.--Saskatchewan.--Terre-Neuve.--Territoire du Yukon.--Index des noms.--Index des titres.--Index sujets.</marc:subfield>
    </marc:datafield>
    <marc:datafield tag="504" ind1=" " ind2=" ">
      <marc:subfield code="a">Bibliographie.</marc:subfield>
    </marc:datafield>
    <marc:datafield tag="520" ind1="3" ind2=" ">
      <marc:subfield code="a">Sommaire : Atlas historique. Bibliographies et catalogues. Dictionnaires. Guides. Index. Noms de famille. Registres. Répertoires. Alberta. Colombie-Britannique. Île-du-Prince-Édouard. Manitoba. Nouveau-Brunswick. Nouvelle-Écosse. Ontario. Québec. Saskatchewan. Terre-Neuve. Territoire du Yukon. Index des noms. Index des titres. Index des sujets.</marc:subfield>
    </marc:datafield>
    <marc:datafield tag="590" ind1=" " ind2=" ">
      <marc:subfield code="a">12-15-Supp</marc:subfield>
      <marc:subfield code="b">2012-04-13</marc:subfield>
    </marc:datafield>
    <marc:datafield tag="691" ind1="0" ind2="7">
      <marc:subfield code="a">Généalogie</marc:subfield>
      <marc:subfield code="2">gcpds</marc:subfield>
    </marc:datafield>
    <marc:datafield tag="720" ind1="1" ind2=" ">
      <marc:subfield code="a">Bond, Mary</marc:subfield>
    </marc:datafield>
    <marc:datafield tag="775" ind1="0" ind2="8">
      <marc:subfield code="t">References sources for Canadian genealogy / </marc:subfield>
      <marc:subfield code="w">(CaOODSP)9.695944</marc:subfield>
    </marc:datafield>
    <marc:datafield tag="776" ind1="0" ind2="#">
      <marc:subfield code="t">Ouvrages de référence en généalogie canadienne / </marc:subfield>
      <marc:subfield code="w">(CaOODSP)9.679783</marc:subfield>
    </marc:datafield>
    <marc:datafield tag="856" ind1="4" ind2="0">
      <marc:subfield code="a">http://publications.gc.ca</marc:subfield>
      <marc:subfield code="q">PDF</marc:subfield>
      <marc:subfield code="s">743 Ko</marc:subfield>
      <marc:subfield code="u">https://publications.gc.ca/collections/Collection/SN3-311-1996F.pdf</marc:subfield>
    </marc:datafield>
  </marc:record>
</marc:collection>
